000 00537nam a22001817a 4500
999 _c196751
_d196751
005 20230725120013.0
010 _aENG-137576
020 _c700.00
_a9788170546054
035 _aEN-121108
037 _bDBAD/PUB
082 _a920
100 _aVerma, Priti
245 0 0 _aAnita Desai Aspirational and Realization/
_cby Priiti Verma
260 _aNew Delhi
_bClassical Publishing Company
_c2012
270 _a28, Shopping Centre, Karampura
_bDelhi
_e110015
300 _a269p.
_c22cm(hb)
942 _2ddc
_cEN
_mVER
_h920